Normal view
MARC view
- Isaac, John.
Entry Personal Name
001 - CONTROL NUMBER
- control field: 12620
003 - CONTROL NUMBER IDENTIFIER
- control field: NUST
005 - DATE AND TIME OF LATEST TRANSACTION
- control field: 20181121064742.0
008 - FIXED-LENGTH DATA ELEMENTS
- fixed length control field: 181121|| aca||aabn | a|a d
040 ## - CATALOGING SOURCE
- Original cataloging agency: NUST
- Transcribing agency: NUST
100 ## - HEADING--PERSONAL NAME
- Personal name: Isaac, John.
670 ## - SOURCE DATA FOUND
- Source citation: Work cat.: (NUST)0: Isaac, John., The Vale of Kashmir /, 2008.
